00490nam a2200145 a 450000500170000000800410001702000180005805000220007624501080009826000370020630000180024344000340026165000260029565000230032120140412111221.0011015s19uu xx 00 eng d a1-85737-002-3 aREF 507bIl6 1993 aThe illustrated dictionary of :becology and plant life /ccontributors: Martin Walters; Merilyn Holme. aUK :bMerlion Publishing,c1993. a160 p. ; ill. aThe illustrated dictionary of aEcologyxDictionaries aBotanyxDictionary